000 00932cab a2200265 4500
001 ABS55162
008 090401t1996 xxu||||| |||| 00| 0 eng d
035 _a(Sirsi) u14593
041 _aeng
100 _aEnnis, F.
245 _aPlanning obligations and developers: costs and benefits
260 _c1996
350 _a0
490 _aTown Planning Review
_v67(2) April 1996, 145-160(16)
520 _aExamines attitudes of developers operating in five local authority areas towards planning obligations negotiation. Uses planning agreement data and interviews. Considers how developers may benefit from planning obligations.
650 _aDEVELOPERS
650 _aPLANNING AGREEMENTS
650 _aPLANNING AUTHORITIES
650 _aPLANNING GAIN
650 _aPLANNING OBLIGATIONS
650 _aTOWN AND COUNTRY PLANNING ACT 1990
690 _aPROPERTY-PROPERTY DEVELOPMENT
942 _n0
948 _c04/03/1997
999 _c9523
_d9523